000
00319nam a2200109Ia 4500
008
171211s9999 xx 000 0 und d
245
_a
Micro-Macrame Jewelry: Stylish Designs for Everyday Wear
245
_c
Kelsy Eason
260
_c
2016
650
_x
Hobbies
856
_u
http://down.ebook777.com/064/9781627003209.pdf
999
_c
350324
_d
350324